[Event "23. OSREDNJA SLOVENSKA LIGA 2022"]
[Site "gostovanja"]
[Date "2022.11.03"]
[Round "7.1"]
[White "Hribar, Janez"]
[Black "Markun, Ozbej"]
[Result "0-1"]
[WhiteElo "1897"]
[BlackElo "1986"]
[PlyCount "54"]
[EventDate "2022.11.03"]
[WhiteTeam "SD CRNI GRABEN"]
[BlackTeam "SS TOMO ZUPAN KRANJ"]

1. c4 Nf6 2. Nc3 g6 3. g3 Bg7 4. Bg2 O-O 5. e4 d6 6. Nge2 Nbd7 7. O-O e5 8. Rb1
c6 9. d3 Nc5 10. h3 Ne6 11. b4 Ne8 12. Be3 f5 13. f4 exf4 14. gxf4 Bh6 15. Qe1
N8g7 16. Bf3 fxe4 17. Bxe4 Nh5 18. b5 Nexf4 19. Nxf4 Bxf4 20. Bxf4 Nxf4 21.
bxc6 bxc6 22. Bxc6 Bxh3 23. Rxf4 Rxf4 24. Qe3 Qg5+ 25. Kh2 Raf8 26. Bd5+ Kh8
27. Re1 Bf1 0-1

[Event "23. OSREDNJA SLOVENSKA LIGA 2022"]
[Site "gostovanja"]
[Date "2022.11.03"]
[Round "7.2"]
[White "Bobnar, Samo"]
[Black "Skok, Boris"]
[Result "1/2-1/2"]
[WhiteElo "1760"]
[BlackElo "1897"]
[PlyCount "51"]
[EventDate "2022.11.03"]
[WhiteTeam "SS TOMO ZUPAN KRANJ"]
[BlackTeam "SD CRNI GRABEN"]

1. e4 c5 2. Nc3 e6 3. f4 d5 4. Nf3 Nc6 5. d3 Nf6 6. e5 d4 7. Ne4 Nxe4 8. dxe4
Be7 9. Be2 O-O 10. O-O b6 11. Qe1 Nb4 12. Bd1 Ba6 13. Rf2 d3 14. c3 Nc2 15.
Bxc2 dxc2 16. Rxc2 Bd3 17. Rd2 c4 18. Rd1 Qc7 19. Kh1 Qb7 20. Rxd3 cxd3 21. f5
Qd7 22. f6 gxf6 23. Bh6 Kh8 24. Bxf8 Rxf8 25. exf6 Bxf6 26. Rd1 1/2-1/2

[Event "23. OSREDNJA SLOVENSKA LIGA 2022"]
[Site "gostovanja"]
[Date "2022.11.03"]
[Round "7.3"]
[White "Majcen, Zoran"]
[Black "Smirnov, Maksim"]
[Result "0-1"]
[WhiteElo "1816"]
[BlackElo "1293"]
[PlyCount "68"]
[EventDate "2022.11.03"]
[WhiteTeam "SD CRNI GRABEN"]
[BlackTeam "SS TOMO ZUPAN KRANJ"]

1. e4 c6 2. b3 d5 3. e5 Bf5 4. f4 e6 5. Nf3 c5 6. Bb5+ Nc6 7. Bxc6+ bxc6 8. O-O
Ne7 9. Nh4 Bg6 10. Nxg6 hxg6 11. h3 Nf5 12. Kh2 Qh4 13. Qe1 Qh5 14. Qd1 Qh4 15.
Qe1 Qg4 16. c3 Qh5 17. d3 Be7 18. Be3 g5 19. fxg5 d4 20. Bf4 Bxg5 21. Bxg5 Qxg5
22. Qf2 Ne3 23. Qxf7+ Kd8 24. Qf3 Nxf1+ 25. Qxf1 Qxe5+ 26. Kh1 Ke7 27. Nd2 Raf8
28. Nf3 Qg3 29. Qe2 Rxf3 30. Qxf3 Rxh3+ 31. Kg1 Qh2+ 32. Kf2 Rxf3+ 33. Kxf3 e5
34. cxd4 cxd4 0-1

[Event "23. OSREDNJA SLOVENSKA LIGA 2022"]
[Site "gostovanja"]
[Date "2022.11.03"]
[Round "7.4"]
[White "Demsar, Maks"]
[Black "Erazem, Franc"]
[Result "1-0"]
[WhiteElo "1229"]
[BlackElo "1485"]
[PlyCount "117"]
[EventDate "2022.11.03"]
[WhiteTeam "SS TOMO ZUPAN KRANJ"]
[BlackTeam "SD CRNI GRABEN"]

1. e4 c5 2. Nf3 Nc6 3. d4 cxd4 4. Nxd4 g6 5. c4 Bg7 6. Be3 Nf6 7. Nc3 d6 8. Be2
O-O 9. O-O a6 10. Qd2 Ng4 11. Bxg4 Bxg4 12. f3 Bd7 13. Rfd1 Qc7 14. Nd5 Qd8 15.
Nxc6 Bxc6 16. Bb6 Qd7 17. Bd4 Bxd5 18. Bxg7 Kxg7 19. Qxd5 Qc7 20. Rac1 b6 21.
b3 Qc5+ 22. Qxc5 bxc5 23. e5 Rfd8 24. exd6 Rxd6 25. Rxd6 exd6 26. Rd1 Rd8 27.
g4 g5 28. Kf2 Kf6 29. f4 gxf4 30. Kf3 h6 31. Kxf4 Ke6 32. Rd5 a5 33. h4 Rg8 34.
g5 Rg6 35. Rd2 hxg5+ 36. hxg5 f6 37. Re2+ Kd7 38. gxf6 Rxf6+ 39. Ke4 Kc6 40.
Kd3 Rf3+ 41. Re3 Rf2 42. a4 d5 43. Re6+ Kd7 44. cxd5 Rf3+ 45. Kc4 Rf4+ 46. Kxc5
Rf3 47. Rb6 Rc3+ 48. Kd4 Rh3 49. Kc4 Kc7 50. Rb5 Kd6 51. Rxa5 Rh4+ 52. Kb5 Kxd5
53. Kb6+ Kd4 54. Rg5 Kc3 55. Rc5+ Kb2 56. a5 Kxb3 57. a6 Kb4 58. a7 Rh8 59. Rc7
1-0

[Event "23. OSREDNJA SLOVENSKA LIGA 2022"]
[Site "gostovanja"]
[Date "2022.11.03"]
[Round "7.1"]
[White "Leben, Dusan"]
[Black "Butala, Marjan"]
[Result "1/2-1/2"]
[WhiteElo "1831"]
[BlackElo "1877"]
[PlyCount "120"]
[EventDate "2022.11.03"]
[WhiteTeam "SK TRZIN PEKOS PUB"]
[BlackTeam "KPSRD KAREL JERAJ"]

1. Nf3 Nf6 2. c4 g6 3. Nc3 Bg7 4. d4 d6 5. Bg5 O-O 6. e4 c5 7. d5 h6 8. Bd2 e6
9. Be2 exd5 10. exd5 Na6 11. O-O Re8 12. Re1 Bf5 13. Nh4 Bd7 14. Nf3 Rb8 15. a3
Nc7 16. Bd3 b5 17. b3 a6 18. Rb1 Bg4 19. h3 Rxe1+ 20. Bxe1 Bd7 21. Bd2 Qe7 22.
Qc1 Kh7 23. Qc2 bxc4 24. bxc4 Qd8 25. Bf4 Nce8 26. Ne4 Nxe4 27. Bxe4 Rxb1+ 28.
Qxb1 Qf6 29. Bc1 Qc3 30. Qc2 Ba4 31. Qxc3 Bxc3 32. Kf1 f5 33. Bd3 Bd1 34. Ne1
Kg7 35. Nc2 h5 36. Ne3 Ba4 37. Bc2 Bd7 38. Nd1 Be5 39. g3 f4 40. Kg2 fxg3 41.
fxg3 Bf5 42. Bxf5 gxf5 43. Bb2 Kf6 44. Kf3 Kg6 45. Bxe5 dxe5 46. Nb2 Nd6 47. h4
Kf6 48. Ke3 Ke7 49. Kf3 Kd7 50. Ke2 Ne4 51. Kf3 Kd6 52. Kg2 Nd2 53. Kf2 Nb1 54.
a4 a5 55. Ke3 Nc3 56. Kf2 e4 57. Ke3 Ke5 58. Kd2 Na2 59. Ke3 Nb4 60. Nd1 Nc2+
1/2-1/2

[Event "23. OSREDNJA SLOVENSKA LIGA 2022"]
[Site "gostovanja"]
[Date "2022.11.03"]
[Round "7.2"]
[White "Mlacnik, Janez"]
[Black "Lanjscek, Miha"]
[Result "1-0"]
[WhiteElo "1803"]
[BlackElo "1805"]
[PlyCount "85"]
[EventDate "2022.11.03"]
[WhiteTeam "KPSRD KAREL JERAJ"]
[BlackTeam "SK TRZIN PEKOS PUB"]

1. d4 Nf6 2. Nf3 e6 3. c4 b6 4. g3 Ba6 5. Qc2 c5 6. Bg2 Bb7 7. O-O cxd4 8. Nxd4
Bxg2 9. Kxg2 Be7 10. Nc3 Nc6 11. Rd1 Nxd4 12. Rxd4 Bc5 13. Rd3 Qc7 14. f3 O-O
15. Bf4 Qc6 16. Rad1 Rfd8 17. e4 Be7 18. e5 Nh5 19. Be3 g6 20. g4 Ng7 21. Ne4
Ne8 22. h4 d5 23. exd6 Nxd6 24. Nxd6 Rxd6 25. Rxd6 Bxd6 26. h5 Qc7 27. Qe4 Rc8
28. hxg6 hxg6 29. b3 Qe7 30. Rh1 Bc5 31. Bc1 Qf6 32. g5 Qd4 33. Qxd4 Bxd4 34.
Rd1 Rd8 35. Bb2 Bf6 36. Rxd8+ Bxd8 37. f4 Kf8 38. Kf3 Ke8 39. Ke4 Kd7 40. b4
Kc6 41. b5+ Kc5 42. Kd3 Bc7 43. Ba3# 1-0

[Event "23. OSREDNJA SLOVENSKA LIGA 2022"]
[Site "gostovanja"]
[Date "2022.11.03"]
[Round "7.3"]
[White "Konvalinka, Kostja"]
[Black "Stimec, Marjan"]
[Result "1-0"]
[WhiteElo "1672"]
[BlackElo "1800"]
[PlyCount "55"]
[EventDate "2022.11.03"]
[WhiteTeam "SK TRZIN PEKOS PUB"]
[BlackTeam "KPSRD KAREL JERAJ"]

1. e4 c5 2. Nf3 d6 3. d4 cxd4 4. Qxd4 Nc6 5. Bb5 Bd7 6. Bxc6 Bxc6 7. Nc3 e6 8.
O-O Nf6 9. Bg5 Be7 10. Rfe1 O-O 11. Rad1 Ne8 12. Bxe7 Qxe7 13. Qe3 Nc7 14. Nd4
Rfd8 15. Rd2 Qe8 16. Red1 d5 17. Qg3 Rac8 18. e5 Qe7 19. Rd3 Be8 20. Rf3 b5 21.
Nce2 b4 22. Nf4 Kh8 23. Nh5 Qf8 24. Qh4 Nb5 25. Nxe6 Qg8 26. Nxd8 Nc7 27. Rg3
g6 28. Qf6+ 1-0

[Event "23. OSREDNJA SLOVENSKA LIGA 2022"]
[Site "gostovanja"]
[Date "2022.11.03"]
[Round "7.4"]
[White "Kutin, Dusan"]
[Black "Markic, Vladimir"]
[Result "1-0"]
[WhiteElo "1776"]
[BlackElo "1600"]
[PlyCount "69"]
[EventDate "2022.11.03"]
[WhiteTeam "KPSRD KAREL JERAJ"]
[BlackTeam "SK TRZIN PEKOS PUB"]

1. e4 d5 2. exd5 Qxd5 3. c4 Qd8 4. d4 Nf6 5. Nc3 Bg4 6. Be2 Bxe2 7. Ngxe2 e6 8.
a3 Be7 9. O-O O-O 10. h3 c6 11. b4 Qc7 12. Qc2 Nbd7 13. Be3 Rac8 14. Rfc1 b6
15. c5 b5 16. a4 a6 17. a5 Nd5 18. Nxd5 exd5 19. Bf4 Qd8 20. Ng3 Bg5 21. Bxg5
Qxg5 22. Qf5 Qxf5 23. Nxf5 Rc7 24. Re1 g6 25. Nd6 Nf6 26. f3 Rd8 27. g4 h6 28.
Re2 Rdd7 29. Rae1 Kf8 30. Ne8 Nxe8 31. Rxe8+ Kg7 32. Kf2 h5 33. Ra8 Ra7 34.
Ree8 hxg4 35. hxg4 1-0

[Event "23. OSREDNJA SLOVENSKA LIGA 2022"]
[Site "gostovanja"]
[Date "2022.11.10"]
[Round "8.2"]
[White "Skok, Boris"]
[Black "Krumpak, Hinko"]
[Result "1/2-1/2"]
[WhiteElo "1897"]
[BlackElo "2032"]
[PlyCount "20"]
[EventDate "2022.11.10"]
[WhiteTeam "SD CRNI GRABEN"]
[BlackTeam "SK TRZIN BUSCOTRADE"]

1. d4 d6 2. c4 e5 3. Nf3 exd4 4. Nxd4 g6 5. g3 Bg7 6. Bg2 Ne7 7. Nc3 Nbc6 8.
Nc2 Be6 9. Nd5 h6 10. Rb1 O-O 1/2-1/2

[Event "23. OSREDNJA SLOVENSKA LIGA 2022"]
[Site "gostovanja"]
[Date "2022.11.10"]
[Round "8.3"]
[White "Jakob, Matthias"]
[Black "Majcen, Zoran"]
[Result "1-0"]
[WhiteElo "2025"]
[BlackElo "1816"]
[PlyCount "27"]
[EventDate "2022.11.10"]
[WhiteTeam "SK TRZIN BUSCOTRADE"]
[BlackTeam "SD CRNI GRABEN"]

1. e4 e6 2. d4 d5 3. Nc3 dxe4 4. Nxe4 Nd7 5. Nf3 Be7 6. Bd3 Ngf6 7. Qe2 O-O 8.
O-O b6 9. Re1 Bb7 10. Neg5 Re8 11. Nxf7 Bxf3 12. gxf3 Kxf7 13. Qxe6+ Kf8 14.
Bc4 1-0

[Event "23. OSREDNJA SLOVENSKA LIGA 2022"]
[Site "gostovanja"]
[Date "2022.11.10"]
[Round "8.4"]
[White "Vidergar, Milan"]
[Black "Rojs, Lan Aleksander"]
[Result "1-0"]
[WhiteElo "1503"]
[BlackElo "1500"]
[PlyCount "77"]
[EventDate "2022.11.10"]
[WhiteTeam "SD CRNI GRABEN"]
[BlackTeam "SK TRZIN BUSCOTRADE"]

1. d4 d5 2. c4 Nf6 3. Nc3 e6 4. Bg5 Be7 5. e3 b6 6. Bd3 Bb7 7. f3 dxc4 8. Bxc4
Nbd7 9. Nge2 O-O 10. O-O c5 11. a3 Rc8 12. Bd3 Nd5 13. Bxe7 Qxe7 14. Qd2 e5 15.
Rfe1 Rfd8 16. Nxd5 Bxd5 17. e4 Bb7 18. d5 Nf8 19. Ng3 Ng6 20. Bc4 Qd7 21. Nf5
b5 22. Bf1 a6 23. g3 Ne7 24. Bh3 Nxf5 25. Bxf5 Qc7 26. Bxc8 Rxc8 27. d6 Qb6 28.
Red1 Rd8 29. Rac1 f6 30. Kg2 Qc6 31. d7 f5 32. Qd6 fxe4 33. Rxc5 exf3+ 34. Kf2
Qe4 35. Rxe5 Qc4 36. Re8+ Kf7 37. Qf8+ Kg6 38. Rd6+ Kh5 39. Re5+ 1-0

[Event "23. OSREDNJA SLOVENSKA LIGA 2022"]
[Site "gostovanja"]
[Date "2022.11.10"]
[Round "8.2"]
[White "Praznik, Anton"]
[Black "Zidar, Jernej"]
[Result "1-0"]
[WhiteElo "2096"]
[BlackElo "1665"]
[PlyCount "115"]
[EventDate "2022.11.10"]
[WhiteTeam "SD VRHNIKA"]
[BlackTeam "SK KOMENDA POPOTNIK"]

1. e4 c5 2. Nf3 d6 3. Bb5+ Bd7 4. Bxd7+ Nxd7 5. O-O Ngf6 6. Re1 e6 7. c3 Be7 8.
d4 cxd4 9. cxd4 O-O 10. Nc3 Nb6 11. h3 Rc8 12. Qd3 a6 13. b3 e5 14. Bb2 Nbd7
15. Rad1 Qa5 16. a3 b5 17. b4 Qc7 18. Rc1 Qb8 19. dxe5 Nxe5 20. Nxe5 dxe5 21.
Nd5 Nxd5 22. exd5 Bd6 23. Rc6 Rxc6 24. dxc6 Bc7 25. Qf5 Qc8 26. g4 f6 27. Rd1
Bb6 28. Rd6 Rd8 29. Qd3 Qc7 30. Qd5+ Kh8 31. Rd7 Rxd7 32. cxd7 h6 33. Kg2 Kh7
34. Qd3+ Kh8 35. Qd5 Kh7 36. Qd2 Qc6+ 37. f3 Qc7 38. Bc3 Qc4 39. Ba1 Qc7 40. h4
Qc4 41. h5 Qc7 42. Kf1 Qc6 43. Ke2 Qc4+ 44. Qd3+ Kg8 45. Qxc4+ bxc4 46. a4 Kf7
47. a5 Bc7 48. b5 Ke7 49. bxa6 Bb8 50. Bc3 Kxd7 51. Bb4 Ba7 52. Bf8 Ke6 53.
Bxg7 f5 54. Bxh6 f4 55. Bf8 e4 56. Bg7 e3 57. Bc3 Kf7 58. Be5 1-0

[Event "23. OSREDNJA SLOVENSKA LIGA 2022"]
[Site "gostovanja"]
[Date "2022.11.10"]
[Round "8.3"]
[White "More, Erlend"]
[Black "Vodnik, Val"]
[Result "1/2-1/2"]
[WhiteElo "1615"]
[BlackElo "1341"]
[PlyCount "54"]
[EventDate "2022.11.10"]
[WhiteTeam "SK KOMENDA POPOTNIK"]
[BlackTeam "SD VRHNIKA"]

1. d4 d5 2. c4 c6 3. Nf3 Nf6 4. Bf4 g6 5. e3 Bg7 6. Bd3 dxc4 7. Bxc4 Nbd7 8.
Nc3 Nb6 9. Bd3 O-O 10. O-O Nh5 11. Bg5 h6 12. Bh4 Bg4 13. h3 Bxf3 14. Qxf3 Nd5
15. g4 Nhf6 16. g5 hxg5 17. Bxg5 Qa5 18. Nxd5 Nxd5 19. a3 Nf6 20. h4 Rfd8 21.
Rac1 Nd5 22. Rc5 Qc7 23. h5 Rd6 24. hxg6 fxg6 25. Kg2 Rf8 26. Qh3 Qc8 27. Qxc8
Rxc8 1/2-1/2

[Event "23. OSREDNJA SLOVENSKA LIGA 2022"]
[Site "gostovanja"]
[Date "2022.11.10"]
[Round "8.4"]
[White "Sever, Gasper"]
[Black "Ojstersek, Peter"]
[Result "0-1"]
[WhiteElo "1241"]
[BlackElo "1605"]
[PlyCount "66"]
[EventDate "2022.11.10"]
[WhiteTeam "SD VRHNIKA"]
[BlackTeam "SK KOMENDA POPOTNIK"]

1. e4 c6 2. d4 d5 3. Nc3 dxe4 4. Nxe4 Nf6 5. Nxf6+ exf6 6. Bc4 Bd6 7. Nf3 Bg4
8. h3 Bh5 9. d5 O-O 10. O-O Re8 11. Be3 Qc7 12. dxc6 Nxc6 13. g4 Bg6 14. Bd5
Rad8 15. Kg2 Nb4 16. c3 Nc2 17. Rc1 Rxe3 18. fxe3 Nxe3+ 19. Kh1 Nxd1 20. Rcxd1
Re8 21. Nd4 a6 22. Rfe1 Rxe1+ 23. Rxe1 Be5 24. Re3 Qd7 25. Bf3 Bxd4 26. cxd4 h6
27. d5 f5 28. Rd3 fxg4 29. Bxg4 Bf5 30. Rd4 Bxg4 31. hxg4 h5 32. Kg2 hxg4 33.
Kg3 Qf5 0-1

[Event "23. OSREDNJA SLOVENSKA LIGA 2022"]
[Site "gostovanja"]
[Date "2022.11.10"]
[Round "8.1"]
[White "Keber, Aljosa"]
[Black "Susnik, Matej"]
[Result "1-0"]
[WhiteElo "1548"]
[BlackElo "2017"]
[PlyCount "57"]
[EventDate "2022.11.10"]
[WhiteTeam "SK KOMENDA POGI"]
[BlackTeam "SS TOMO ZUPAN KRANJ"]

1. e4 c5 2. Nf3 e6 3. d4 cxd4 4. Nxd4 a6 5. g3 Nf6 6. Bg2 Qc7 7. O-O Be7 8. Be3
d6 9. c4 O-O 10. Nc3 Nc6 11. Rc1 Ne5 12. b3 b6 13. h3 Bb7 14. Qe2 Rac8 15. Rfd1
Qb8 16. f4 Ned7 17. g4 Nc5 18. Bf2 Qa8 19. Re1 g6 20. Bh4 Rfe8 21. g5 Nh5 22.
Qd2 Nxf4 23. Qxf4 e5 24. Qe3 exd4 25. Qxd4 Ne6 26. Qxb6 d5 27. Bf2 Bxg5 28.
exd5 Bxc1 29. Rxc1 1-0

[Event "23. OSREDNJA SLOVENSKA LIGA 2022"]
[Site "gostovanja"]
[Date "2022.11.10"]
[Round "8.2"]
[White "Markun, Ozbej"]
[Black "Cimperman, Teo"]
[Result "1-0"]
[WhiteElo "1986"]
[BlackElo "1433"]
[PlyCount "91"]
[EventDate "2022.11.10"]
[WhiteTeam "SS TOMO ZUPAN KRANJ"]
[BlackTeam "SK KOMENDA POGI"]

1. Nf3 Nf6 2. g3 g6 3. Bg2 Bg7 4. O-O O-O 5. d3 Nc6 6. e4 e5 7. c3 d6 8. Nbd2
Re8 9. Qb3 a6 10. Re1 Be6 11. Qc2 d5 12. Nf1 d4 13. c4 Qd7 14. Bd2 Bh3 15. b4
Bf8 16. a3 Rac8 17. Qb3 Na7 18. c5 b5 19. Bxh3 Qxh3 20. Qxf7+ Kxf7 21. Ng5+ Kg7
22. Nxh3 h6 23. a4 Re6 24. Ra2 bxa4 25. Rxa4 Nb5 26. Rea1 Ra8 27. Ra5 Rb8 28.
Rxa6 Rxa6 29. Rxa6 Nc3 30. Bxh6+ Kxh6 31. Rxf6 Bg7 32. Rc6 Rxb4 33. Rxc7 Ne2+
34. Kg2 Rb3 35. c6 Rxd3 36. Rd7 Rc3 37. c7 Nc1 38. Nd2 Nd3 39. Nf3 Rc6 40. Nhg5
Rc2 41. Nf7+ Kh5 42. Nd6 Nxf2 43. Kg1 Rb2 44. c8=Q Bh6 45. g4+ Kxg4 46. Rf7+
1-0

[Event "23. OSREDNJA SLOVENSKA LIGA 2022"]
[Site "gostovanja"]
[Date "2022.11.10"]
[Round "8.3"]
[White "Macek, Inti"]
[Black "Logar, Metod"]
[Result "1-0"]
[WhiteElo "1242"]
[BlackElo "1946"]
[PlyCount "78"]
[EventDate "2022.11.10"]
[WhiteTeam "SK KOMENDA POGI"]
[BlackTeam "SS TOMO ZUPAN KRANJ"]

1. d4 Nf6 2. Nf3 e6 3. c4 d5 4. Nc3 Be7 5. Bf4 O-O 6. e3 c6 7. Be2 Nbd7 8. c5
b6 9. b4 a5 10. a3 Nh5 11. Bg3 Nxg3 12. hxg3 e5 13. Qb1 h6 14. Nd2 exd4 15.
exd4 Bf6 16. Nf3 bxc5 17. bxc5 Nxc5 18. Qc2 Ne6 19. Qd2 c5 20. dxc5 d4 21. Ne4
d3 22. Nxf6+ Qxf6 23. O-O dxe2 24. Qxe2 Ba6 25. Qe3 Bxf1 26. Rxf1 Rac8 27. Rc1
Rfe8 28. Qd2 Nxc5 29. Rb1 a4 30. Qa5 Ne4 31. Rf1 Nc3 32. Qb4 Re4 33. Qb7 Qc6
34. Qb2 Qb5 35. Qa1 Ne2+ 36. Kh1 Qh5+ 37. Nh2 Rc5 38. Qb2 Qxh2+ 39. Kxh2 Rh5#
1-0

[Event "23. OSREDNJA SLOVENSKA LIGA 2022"]
[Site "gostovanja"]
[Date "2022.11.10"]
[Round "8.1"]
[White "Mlacnik, Janez"]
[Black "Debevec, Blaz"]
[Result "1-0"]
[WhiteElo "1803"]
[BlackElo "2056"]
[PlyCount "73"]
[EventDate "2022.11.10"]
[WhiteTeam "KPSRD KAREL JERAJ"]
[BlackTeam "SD DOMZALE"]

1. d4 Nf6 2. c4 g6 3. Nc3 Bg7 4. e4 O-O 5. Nge2 d6 6. Ng3 c5 7. d5 e6 8. Bd3
exd5 9. cxd5 Na6 10. O-O Nc7 11. h3 a6 12. a4 Bd7 13. Bg5 h6 14. Be3 Re8 15.
Qd2 Kh7 16. Bf4 Bf8 17. Rfe1 b5 18. axb5 Nxb5 19. Nxb5 Bxb5 20. Rad1 Nd7 21.
Bc2 Qf6 22. Qc1 Rab8 23. Bd2 Qh4 24. Bc3 Ne5 25. Qe3 Bg7 26. f4 Nc4 27. Qf2
Bxc3 28. bxc3 Na3 29. Bd3 Bxd3 30. Rxd3 Nc4 31. Re2 f6 32. Qf3 Rb2 33. Rxb2
Nxb2 34. Rd2 Nc4 35. Rf2 Re7 36. Kh2 Nb6 37. Nf1 {nejasno (60)} 1-0

[Event "23. OSREDNJA SLOVENSKA LIGA 2022"]
[Site "gostovanja"]
[Date "2022.11.10"]
[Round "8.2"]
[White "Markosek, Bine"]
[Black "Stimec, Marjan"]
[Result "1-0"]
[WhiteElo "1641"]
[BlackElo "1800"]
[PlyCount "103"]
[EventDate "2022.11.10"]
[WhiteTeam "SD DOMZALE"]
[BlackTeam "KPSRD KAREL JERAJ"]

1. e4 e6 2. d4 d5 3. Nc3 dxe4 4. Nxe4 Be7 5. Nf3 Nd7 6. Bd3 Ngf6 7. O-O O-O 8.
c3 Nxe4 9. Bxe4 Nf6 10. Bc2 b6 11. Qd3 Bb7 12. Ng5 h6 13. Nh7 Be4 14. Nxf6+
Bxf6 15. Qxe4 Re8 16. Qg4 Kf8 17. b3 c5 18. Rd1 cxd4 19. Ba3+ Kg8 20. cxd4 Rc8
21. Qe4 g6 22. Rac1 Qd7 23. Bb1 Red8 24. Rxc8 Rxc8 25. d5 exd5 26. Qxd5 Qc7 27.
Bxg6 Rd8 28. Bd6 Qd7 29. Bf5 Qe8 30. Qd3 Qc6 31. Qg3+ Kh8 32. Qf4 Bg7 33. h3
Qb5 34. Rc1 Qe2 35. Rc8 Rxc8 36. Bxc8 Qxa2 37. Qxf7 Qa1+ 38. Kh2 Qe1 39. Be6
Kh7 40. Bf8 Qe5+ 41. g3 Qf6 42. Bf5+ Kh8 43. Bxg7+ Qxg7 44. Qxg7+ Kxg7 45. Kg2
Kf6 46. Bd3 Ke5 47. f4+ Kd4 48. f5 Kxd3 49. f6 Kc3 50. f7 Kxb3 51. f8=Q a5 52.
Qb8 1-0

[Event "23. OSREDNJA SLOVENSKA LIGA 2022"]
[Site "gostovanja"]
[Date "2022.11.10"]
[Round "8.3"]
[White "Kutin, Dusan"]
[Black "Zmaucar, Miha"]
[Result "0-1"]
[WhiteElo "1776"]
[BlackElo "1465"]
[PlyCount "48"]
[EventDate "2022.11.10"]
[WhiteTeam "KPSRD KAREL JERAJ"]
[BlackTeam "SD DOMZALE"]

1. e4 c5 2. Nf3 Nc6 3. d4 cxd4 4. Nxd4 Nf6 5. Nc3 d6 6. Be2 g6 7. O-O Bg7 8.
Be3 O-O 9. Qd2 Bd7 10. Rad1 a6 11. Bf3 Qc7 12. Nxc6 Bxc6 13. Bh6 Qb6 14. Bxg7
Kxg7 15. Nd5 Qxb2 16. Nxe7 Bxe4 17. Bxe4 Nxe4 18. Qd4+ Qxd4 19. Rxd4 Nc3 20.
Rxd6 Rad8 21. Rxd8 Rxd8 22. f4 Kf8 23. Rf3 Ne4 24. g4 Kxe7 0-1

[Event "23. OSREDNJA SLOVENSKA LIGA 2022"]
[Site "gostovanja"]
[Date "2022.11.10"]
[Round "8.4"]
[White "Timagina, Sofia"]
[Black "Vertacnik, Viktor"]
[Result "0-1"]
[WhiteElo "1331"]
[BlackElo "1600"]
[PlyCount "144"]
[EventDate "2022.11.10"]
[WhiteTeam "SD DOMZALE"]
[BlackTeam "KPSRD KAREL JERAJ"]

1. e4 e5 2. Nf3 Nc6 3. Bc4 Bc5 4. d3 Nf6 5. O-O O-O 6. Nbd2 d6 7. c3 a6 8. Bb3
Ne7 9. h3 Ng6 10. Re1 Be6 11. Bc2 h6 12. Nf1 Qd7 13. d4 exd4 14. cxd4 Bb4 15.
Bd2 Bxd2 16. Qxd2 d5 17. e5 Nh5 18. Rac1 Nhf4 19. Bxg6 fxg6 20. N3h2 Bxh3 21.
gxh3 Nxh3+ 22. Kh1 Nxf2+ 23. Kg1 Ne4 24. Rxe4 dxe4 25. Qb4 c6 26. Nd2 Qh3 27.
Ndf1 Rf7 28. Rc3 Qf5 29. Qc4 Kh7 30. Re3 Raf8 31. Qe2 Qf2+ 32. Qxf2 Rxf2 33.
Rxe4 Rxb2 34. e6 Rxa2 35. Ne3 Ra5 36. Nhg4 Rg5 37. Kh2 a5 38. Nc4 Rd5 39. Nb6
Rg5 40. Nd7 Re8 41. Ngf6+ gxf6 42. Nxf6+ Kg7 43. Nxe8+ Kf8 44. Nd6 Ke7 45. Nc8+
Ke8 46. Rf4 Rf5 47. Nd6+ Ke7 48. Nxf5+ gxf5 49. Rxf5 Kxe6 50. Rxa5 b5 51. Ra2
Kd5 52. Rd2 b4 53. Kg3 b3 54. Rh2 Kxd4 55. Rxh6 c5 56. Rd6+ Kc3 57. Rb6 b2 58.
Kf3 c4 59. Ke3 Kc2 60. Kd4 c3 61. Ke3 b1=Q 62. Rxb1 Kxb1 63. Kd3 c2 64. Kd4
c1=Q 65. Kd3 Qc5 66. Kd2 Qc4 67. Kd1 Qa2 68. Ke1 Qh2 69. Kd1 Kb2 70. Ke1 Kc3
71. Kf1 Kd3 72. Ke1 Qe2# 0-1

[Event "23. OSREDNJA SLOVENSKA LIGA 2022"]
[Site "gostovanja"]
[Date "2022.11.10"]
[Round "8.1"]
[White "Olenik Campa, Rudi"]
[Black "Baric, Dusan"]
[Result "1-0"]
[WhiteElo "2151"]
[BlackElo "2011"]
[PlyCount "97"]
[EventDate "2022.11.10"]
[WhiteTeam "SK LJUBLJANA"]
[BlackTeam "SK VISNJA GORA - STICNA"]

1. e4 c5 2. Nf3 d6 3. d4 cxd4 4. Nxd4 Nf6 5. Nc3 g6 6. Be3 Bg7 7. f3 O-O 8. Qd2
Nc6 9. g4 d5 10. g5 Nh5 11. exd5 Nb4 12. Bc4 b6 13. O-O-O Na6 14. Nc6 Qd7 15.
Bb5 Nc7 16. Ba4 Bxc3 17. bxc3 b5 18. Bb3 a5 19. a3 Bb7 20. Ne5 Qd6 21. Ng4
Qxa3+ 22. Kb1 Rad8 23. Qd4 h6 24. Nxh6+ Kh7 25. Bc1 Qd6 26. Rd3 Bxd5 27. Rhd1
Bxb3 28. Qxd6 Bxc2+ 29. Kxc2 exd6 30. Rxd6 Ne6 31. Rxd8 Rxd8 32. Nxf7 Rxd1 33.
Kxd1 Kg7 34. Ne5 Nhf4 35. Nc6 a4 36. Na7 Nd3 37. Nxb5 Nxc1 38. Kxc1 Nxg5 39.
Nd4 Kf6 40. Kb2 Ke5 41. Ka3 Kd5 42. Kb4 Nh3 43. Ne2 g5 44. c4+ Kd6 45. Kxa4 Kc5
46. Kb3 Nf2 47. Ng3 Nd3 48. Kc3 Ne5 49. Ne4+ 1-0

[Event "23. OSREDNJA SLOVENSKA LIGA 2022"]
[Site "gostovanja"]
[Date "2022.11.10"]
[Round "8.2"]
[White "Kirasic, Branko"]
[Black "Marinko, Peter"]
[Result "0-1"]
[WhiteElo "1938"]
[BlackElo "2035"]
[PlyCount "34"]
[EventDate "2022.11.10"]
[WhiteTeam "SK VISNJA GORA - STICNA"]
[BlackTeam "SK LJUBLJANA"]

1. e4 d6 2. d4 Nf6 3. Nc3 g6 4. f3 Bg7 5. Be3 a6 6. Qd2 h5 7. O-O-O b5 8. a3
Bb7 9. Nh3 Nbd7 10. Be2 Qc8 11. Nf4 c5 12. dxc5 Nxc5 13. Nfd5 Bxd5 14. exd5 Rb8
15. b4 Nb3+ 16. cxb3 Nxd5 17. Qc2 Nxe3 0-1

[Event "23. OSREDNJA SLOVENSKA LIGA 2022"]
[Site "gostovanja"]
[Date "2022.11.10"]
[Round "8.3"]
[White "Borstar, Dusan"]
[Black "Jancigaj, Saso Valentin"]
[Result "1-0"]
[WhiteElo "1657"]
[BlackElo "1706"]
[PlyCount "96"]
[EventDate "2022.11.10"]
[WhiteTeam "SK LJUBLJANA"]
[BlackTeam "SK VISNJA GORA - STICNA"]

1. e4 e5 2. Nf3 Nc6 3. Bb5 d6 4. d4 exd4 5. Nxd4 Bd7 6. O-O Ne5 7. Qe2 c6 8.
Bd3 Nf6 9. c3 h6 10. Bc2 c5 11. Nf5 g6 12. Ne3 Qc7 13. f4 Nc6 14. Nd5 Qd8 15.
Na3 Nxd5 16. exd5+ Ne7 17. f5 f6 18. fxg6 Bg7 19. Re1 Kf8 20. Bf4 Nc8 21. Nc4
Bb5 22. Qe6 Qe7 23. Nxd6 Qxe6 24. dxe6 Bc6 25. Nxc8 Rxc8 26. Bd6+ Ke8 27. Bxc5
a6 28. Bb6 Bf8 29. Rad1 Rg8 30. Bf5 Be7 31. Be3 Rd8 32. Bxh6 Rd6 33. g7 Rxd1
34. Rxd1 Bc5+ 35. Kh1 Ke7 36. Bh7 Rxg7 37. Bxg7 Kxe6 38. Bg8+ Ke7 39. Re1+ Kd7
40. Bxf6 Bf2 41. Re2 Bc5 42. Bf7 Bb5 43. Rd2+ Kc7 44. Bd8+ Kb8 45. Ba5 b6 46.
Bb4 Be3 47. Bd6+ Kb7 48. Rd3 Bf2 1-0

[Event "23. OSREDNJA SLOVENSKA LIGA 2022"]
[Site "gostovanja"]
[Date "2022.11.10"]
[Round "8.4"]
[White "Kamensek, Ivan"]
[Black "Glavac, Leo"]
[Result "1/2-1/2"]
[WhiteElo "1729"]
[BlackElo "1298"]
[PlyCount "109"]
[EventDate "2022.11.10"]
[WhiteTeam "SK VISNJA GORA - STICNA"]
[BlackTeam "SK LJUBLJANA"]

1. d4 d5 2. c4 c6 3. Nc3 e6 4. Nf3 Nf6 5. Bg5 Be7 6. e3 O-O 7. Bd3 b6 8. O-O
Ba6 9. cxd5 Bxd3 10. Qxd3 cxd5 11. Rac1 Nc6 12. a3 a6 13. Rc2 Na5 14. Nd2 Qd7
15. b4 Nb7 16. Rfc1 b5 17. Nb3 Nd6 18. Na5 Nc4 19. Nxc4 bxc4 20. Qe2 a5 21.
Bxf6 gxf6 22. Rb1 Rfb8 23. Rcb2 axb4 24. axb4 f5 25. b5 Rb7 26. Qc2 Rab8 27.
Ra2 Bg5 28. f4 Bh6 29. Rba1 e5 30. g3 exd4 31. exd4 Bg7 32. Qf2 Bf8 33. Qf3 Bg7
34. Rd1 Rd8 35. Ra6 Kh8 36. Qf2 Ra7 37. Qa2 Rxa6 38. bxa6 Qa7 39. Nb5 Qb6 40.
a7 Ra8 41. Qa4 h6 42. Kf2 Kh7 43. Rd2 c3 44. Rc2 Bxd4+ 45. Qxd4 Qxb5 46. Rxc3
Qb2+ 47. Kf3 Qxh2 48. Rc7 Qh5+ 49. Kf2 Re8 50. Qd3 Qh2+ 51. Kf3 Qh1+ 52. Kf2
Qe1+ 53. Kf3 Kg8 54. Rb7 Qh1+ 55. Kf2 1/2-1/2